phases finales de la Ligue Des Champions 2024-2025 - Statistiques

Statistiques générales
  • Ce quiz a été pris 99 fois
    98 depuis la dernière actualisation
  • Le résultat moyen est 19 sur 24
Statistiques - réponses
Hint % Correct
Paris SG
96%
FC Barcelone
95%
Real Madrid CF
93%
Inter Milan
92%
Liverpool Football Club
92%
Bayer 04 Leverkusen
91%
Borussia Dortmund
89%
Manchester City
89%
Arsenal Football Club
86%
LOSC Lille
86%
Club Atlético de Madrid
84%
Associazione Calcio Milan
83%
Aston Villa Football Club
82%
Stade Brestois 29
82%
Bayern Munich
75%
PSV Eindhoven
72%
Sport Lisboa e Benfica
72%
AS Monaco FC
70%
Juventus FC
68%
Club Bruges KV
64%
Atalanta Bergame
58%
Sporting Clube de Portugal
55%
Feyenoord Rotterdam
53%
Celtic Football Club
47%
Aucun quiz correspondant
Distribution des résultats
% des personnes avec chaque résultat
Percentile par nombre de réponses
Votre historique - résultats
Vous n’avez pas pris ce quiz depuis la dernière actualisation